How to survive on land and sea / (Record no. 15848)
[ view plain ]
| 000 -LEADER | |
|---|---|
| fixed length control field | 01004nam a2200289 a 4500 |
| 001 - CONTROL NUMBER | |
| control field | ASIN0870212788 |
| 005 - DATE AND TIME OF LATEST TRANSACTION | |
| control field | 20170105102926.0 |
| 008 - FIXED-LENGTH DATA ELEMENTS--GENERAL INFORMATION | |
| fixed length control field | 131212s1984 xxu eng d |
| 020 ## - INTERNATIONAL STANDARD BOOK NUMBER | |
| International Standard Book Number | 0870212788 (paperback) |
| Terms of availability | $29.95 |
| 020 ## - INTERNATIONAL STANDARD BOOK NUMBER | |
| International Standard Book Number | 9780870212789 (paperback) |
| 040 ## - CATALOGING SOURCE | |
| Original cataloging agency | 0 |
| 050 04 - LIBRARY OF CONGRESS CALL NUMBER | |
| Classification number | TL553.7 |
| 082 04 - DEWEY DECIMAL CLASSIFICATION NUMBER | |
| Classification number | 613.69 |
| Author Mark | CRA 1984 |
| 100 1# - MAIN ENTRY--PERSONAL NAME | |
| Personal name | Craighead, Frank C., Jr. |
| 245 10 - TITLE STATEMENT | |
| Title | How to survive on land and sea / |
| Statement of responsibility, etc. | Frank C., Jr. Craighead, Ray E. Smith, Shiras Jarvis. |
| 250 ## - EDITION STATEMENT | |
| Edition statement | 4 Sub ed. |
| 260 ## - PUBLICATION, DISTRIBUTION, ETC. | |
| Place of publication, distribution, etc. | [S.l.] : |
| Name of publisher, distributor, etc. | Naval Institute Press, |
| Date of publication, distribution, etc. | 1984. |
| 300 ## - PHYSICAL DESCRIPTION | |
| Extent | 412 p. ; |
| Dimensions | 23 cm. |
| 490 1# - SERIES STATEMENT | |
| Series statement | Physical education. |
| 520 ## - SUMMARY, ETC. | |
| Summary, etc. | The classic one-stop guide to outdoor survival for everyone from the novice hiker to the experienced mariner. |
| 650 #0 - SUBJECT ADDED ENTRY--TOPICAL TERM | |
| Topical term or geographic name entry element | Airplane crash survival |
| 700 1# - ADDED ENTRY--PERSONAL NAME | |
| Personal name | Jarvis, Shiras. |
| 700 1# - ADDED ENTRY--PERSONAL NAME | |
| Personal name | Smith, Ray E. |
| 830 #0 - SERIES ADDED ENTRY--UNIFORM TITLE | |
| Uniform title | Physical education. |
| 856 40 - ELECTRONIC LOCATION AND ACCESS | |
| Materials specified | Amazon.com |
| Uniform Resource Identifier | <a href="http://www.amazon.com/exec/obidos/ASIN/0870212788/chopaconline-20">http://www.amazon.com/exec/obidos/ASIN/0870212788/chopaconline-20</a> |
| 942 ## - ADDED ENTRY ELEMENTS (KOHA) | |
| Source of classification or shelving scheme | |
| Koha item type | Book |
| Withdrawn status | Lost status | Damaged status | Not for loan | Collection code | Permanent Location | Current Location | Shelving location | Date acquired | Total Checkouts | Full call number | Barcode | Date last seen | Price effective from | Koha item type |
|---|---|---|---|---|---|---|---|---|---|---|---|---|---|---|
| Centre for International Peace & Stability (CIPS) | Centre for International Peace & Stability (CIPS) | General Stacks | 10/02/2013 | 613.69 CRA 1984 | CIPS0002416 | 12/12/2013 | 12/12/2013 | Book |
